| 000 | 00942nam a2200277 a 4500 | ||
|---|---|---|---|
| 008 | 960514s1990||||[C 0 slo c | ||
| 020 |
_a8070930438 _c22 Kčs. _q(10 000 výtl.) |
||
| 040 |
_aSNK _bslo _cSNK _eAACR2 |
||
| 041 | 1 | _aslo | |
| 044 |
_axo _cSK |
||
| 080 | _a786.2.087.5 | ||
| 100 | 1 |
_aBöhmová, Z. _4aut |
|
| 245 | 1 | 0 |
_aKlavírna škola pre začiatočníkov _hHudobnina _cZ. Böhmová, A. Grünfeldová, A. Sarauer ; Zdenka Böhmová, Arnoštka Grünfeldová, Alois Sarauer |
| 250 | _a13., vyd. | ||
| 260 |
_aBratislava _bOpus [vyd.] _c1990 _ePartizánske _fZápadoslovenské tlačiarne |
||
| 300 |
_a128 s. _c30,5x22,5 cm |
||
| 500 | _aHudobnina. Venovanie. | ||
| 500 | _aObál. Vladimír Janský. | ||
| 700 | 1 |
_aGrünfeldová, A. _4aut |
|
| 700 | 1 |
_aSarauer, A. _4aut |
|
| 700 | 1 |
_aBöhmová, Zdenka _4aut |
|
| 700 | 1 |
_aGrünfeldová, Arnoštka _4aut |
|
| 700 | 1 |
_aSarauer, Alois _4aut |
|
| 924 | _aklavír | ||
| 958 | _aH | ||
| 999 |
_c15241 _d15241 |
||